000 00406nam a2200097Ia 4500
008 180130s9999 xx 000 0 und d
245 _cKoehler, Martin
_aAn adaptive framework for utility-based optimization of scientific applications in the cloud
260 _c2016
300 _aBook title: Networking, models and methods of cloud computing--Acession number C20732; pages 103-114
650 _aCLOUD COMPUTING
999 _c353798
_d353798